Elogio de la ancianidad : (Registro nro. 54749)
[ vista simple ]
| 000 -LEADER | |
|---|---|
| fixed length control field | 01118cam a2200301 i 4500 |
| 001 - CONTROL NUMBER | |
| control field | 54749 |
| 003 - CONTROL NUMBER IDENTIFIER | |
| control field | Mx-PuUPA |
| 005 - DATE AND TIME OF LATEST TRANSACTION | |
| control field | 20220307122916.0 |
| 008 - FIXED-LENGTH DATA ELEMENTS--GENERAL INFORMATION | |
| fixed length control field | 140415s2007 sp gr 000 0 spa d |
| 020 ## - INTERNATIONAL STANDARD BOOK NUMBER | |
| International Standard Book Number | 8441321906 |
| 040 ## - CATALOGING SOURCE | |
| Description conventions | rda |
| Original cataloging agency | Mx-PuUPA |
| Modifying agency | Mx-PuUPA |
| Transcribing agency | Mx-PuUPA |
| Language of cataloging | spa |
| 041 0# - LANGUAGE CODE | |
| Language code of text/sound track or separate title | spa |
| 100 1# - MAIN ENTRY--PERSONAL NAME | |
| Personal name | Seneca, Lucius Annaeus, |
| Dates associated with a name | approximately 4 B.C.-65 A.D. |
| Relator term | autor |
| 9 (RLIN) | 4374 |
| 245 10 - TITLE STATEMENT | |
| Title | Elogio de la ancianidad : |
| Remainder of title | (cartas morales a Lucio) / |
| Statement of responsibility, etc. | Séneca ; traducción, Jaime Bofill. |
| 264 #1 - PRODUCTION, PUBLICATION, DISTRIBUTION, MANUFACTURE, AND COPYRIGHT NOTICE | |
| Place of production, publication, distribution, manufacture | Barcelona : |
| Name of producer, publisher, distributor, manufacturer | Ediciones Folio, |
| Date of production, publication, distribution, manufacture, or copyright notice | ©2007 |
| 300 ## - PHYSICAL DESCRIPTION | |
| Extent | 116 páginas ; |
| Dimensions | 19 cm. |
| 336 ## - CONTENT TYPE | |
| Content type term | texto |
| Fuente | rdacontent |
| Content type code | txt |
| 337 ## - MEDIA TYPE | |
| Media type term | sin medio |
| Source | rdamedia |
| Media type code | n |
| 338 ## - CARRIER TYPE | |
| Carrier type term | volumen |
| Source | rdacarrier |
| Carrier type code | nc |
| 490 0# - SERIES STATEMENT | |
| Series statement | Colección Grandes ! Ideas |
| 500 ## - GENERAL NOTE | |
| General note | Elogio de la ancianidad corresponde a los capítulos I, II y III de Cartas Morales a Lucilio (Tomo I). Página legal |
| 500 ## - GENERAL NOTE | |
| General note | Colección dirigida por Joan-Carles Mélich. |
| 650 #4 - SUBJECT ADDED ENTRY--TOPICAL TERM | |
| Topical term or geographic name entry element | Filosofía clásica |
| Source of heading or term | armarc |
| 700 1# - ADDED ENTRY--PERSONAL NAME | |
| Personal name | Bofill, Jaime, |
| Relator term | traductor |
| 942 ## - ADDED ENTRY ELEMENTS (KOHA) | |
| Source of classification or shelving scheme | Dewey Decimal Classification |
| Koha item type | Libro |
| Classification part | 109 |
| Item part | S4745 |
| Withdrawn status | Lost status | Source of classification or shelving scheme | Damaged status | Not for loan | Collection code | Home library | Current library | Shelving location | Date acquired | Source of acquisition | Total Checkouts | Full call number | Barcode | Date last seen | Price effective from | Koha item type | Total Renewals | Date last checked out |
|---|---|---|---|---|---|---|---|---|---|---|---|---|---|---|---|---|---|---|
| Dewey Decimal Classification | General | Biblioteca Karol Wojtyla | Biblioteca Karol Wojtyla | Sala general | 03/12/2013 | Compra | 3 | 109 S4745 2007 | 82049 | 05/01/2026 | 12/06/2017 | Libro | 1 | 27/11/2024 | ||||
| Dewey Decimal Classification | General | Tehuacán | Tehuacán | Sala general | 12/06/2017 | Compra | 109 S4745 2007 | 968000002161 | 08/01/2025 | 12/06/2017 | Libro |